[Event "Cochabamba op 1st"]
[Site "Cochabamba"]
[Date "2015.01.29"]
[Round "2"]
[White "Monroy, Osvaldo"]
[Black "Gemy Vargas, Jose Daniel"]
[Result "0-1"]
[WhiteElo "1955"]
[BlackElo "2394"]
[PlyCount "59"]
[EventDate "2015.01.29"]
[EventType "swiss"]
[EventRounds "7"]
[EventCountry "BOL"]
[SourceTitle "CBM 164 Extra"]
[Source "ChessBase"]
[SourceDate "2015.03.02"]
[SourceVersion "1"]
[SourceVersionDate "2015.03.02"]
[SourceQuality "1"]

1. e4 e5 2. Nf3 Nc6 3. Bb5 Bc5 4. 0-0 Nd4 5. Nxd4 Bxd4 6. c3 Bb6 7. d4 c6 8. Ba4 d6 9. Be3 Nf6 10. Nd2 Ng4 11. Qe2 Qh4 12. h3 h5 13. Nf3 Qf6 14. Rad1 Bd7 15. Nh2 Nxe3 16. Qxe3 g5 17. Qg3 g4 18. h4 exd4 19. e5 dxe5 20. Rfe1 0-0-0 21. cxd4 exd4 22. Nf1 Bf5 23. Qe5 Qxe5 24. Rxe5 Bg6 25. b4 d3 26. Ne3 Bd4 27. Ra5 Rhe8 28. b5 Rxe3 29. fxe3 Bxe3+ 30. Kf1 0-1

[Event "American Continental 09th"]
[Site "Cochabamba"]
[Date "2013.05.12"]
[Round "7"]
[White "Medrano, Sebastian"]
[Black "Monroy, Osvaldo"]
[Result "0-1"]
[WhiteElo "1803"]
[BlackElo "1954"]
[PlyCount "66"]
[EventDate "2013.05.07"]
[EventType "swiss"]
[EventRounds "11"]
[EventCountry "BOL"]
[SourceTitle "CBM 154 Extra"]
[Source "ChessBase"]
[SourceDate "2013.06.25"]
[SourceVersion "2"]
[SourceVersionDate "2013.06.25"]
[SourceQuality "1"]

1. d4 Nf6 2. c4 g6 3. Nc3 Bg7 4. e4 d6 5. Be2 0-0 6. Bg5 Nc6 7. Qd2 Ne8 8. d5 Nd4 9. Bd3 c5 10. Nge2 Nxe2 11. Bxe2 a6 12. f3 Nf6 13. g4 Nd7 14. h4 Re8 15. h5 f6 16. Bh6 g5 17. Bxg7 Kxg7 18. h6+ Kh8 19. f4 gxf4 20. Qxf4 Ne5 21. Kd2 Rg8 22. Rhg1 Nf7 23. Rh1 Bd7 24. a4 Rg5 25. Rh4 Qb6 26. Kc2 Rag8 27. b3 Qd8 28. Nd1 Qf8 29. Ne3 R8g6 30. Ng2 Rxh6 31. Rxh6 Qxh6 32. Qf2 Bxg4 33. Bxg4 Rxg4 0-1

[Event "American Continental 09th"]
[Site "Cochabamba"]
[Date "2013.05.11"]
[Round "6"]
[White "Monroy, Osvaldo"]
[Black "Delgadillo, Adonai"]
[Result "0-1"]
[WhiteElo "1954"]
[BlackElo "2161"]
[PlyCount "70"]
[EventDate "2013.05.07"]
[EventType "swiss"]
[EventRounds "11"]
[EventCountry "BOL"]
[SourceTitle "CBM 154 Extra"]
[Source "ChessBase"]
[SourceDate "2013.06.25"]
[SourceVersion "2"]
[SourceVersionDate "2013.06.25"]
[SourceQuality "1"]

1. e4 c5 2. Nf3 d6 3. d4 cxd4 4. Nxd4 Nf6 5. Nc3 a6 6. Be2 e6 7. 0-0 Be7 8. Kh1 Nc6 9. Be3 Bd7 10. f4 0-0 11. Bf3 Qc7 12. Qd2 Rac8 13. g4 Nxd4 14. Qxd4 e5 15. Qd2 Bxg4 16. Bxg4 Nxg4 17. Nd5 Qd8 18. Bb6 Qd7 19. c3 Kh8 20. Rad1 Rc6 21. Rf3 Bd8 22. Bxd8 Qxd8 23. Qg2 Nf6 24. Rg3 g6 25. Nb4 Rc4 26. fxe5 Nxe4 27. Rgd3 Qh4 28. Rd4 Rxd4 29. Rxd4 Qe1+ 30. Qg1 Qe2 31. exd6 Re8 32. Nd3 Qf3+ 33. Qg2 Nf2+ 34. Kg1 Nh3+ 35. Kh1 Qd1+ 0-1

[Event "American Continental 09th"]
[Site "Cochabamba"]
[Date "2013.05.07"]
[Round "1"]
[White "Monroy, Osvaldo"]
[Black "Rios, Cristhian Camilo"]
[Result "0-1"]
[WhiteElo "1954"]
[BlackElo "2362"]
[PlyCount "84"]
[EventDate "2013.05.07"]
[EventType "swiss"]
[EventRounds "11"]
[EventCountry "BOL"]
[SourceTitle "CBM 154 Extra"]
[Source "ChessBase"]
[SourceDate "2013.06.25"]
[SourceVersion "2"]
[SourceVersionDate "2013.06.25"]
[SourceQuality "1"]

1. e4 c5 2. Nf3 e6 3. d4 cxd4 4. Nxd4 Nf6 5. Nc3 d6 6. Be2 Be7 7. 0-0 0-0 8. Be3 Nc6 9. Qd2 a6 10. f4 Nxd4 11. Bxd4 e5 12. Be3 exf4 13. Bxf4 Be6 14. Kh1 b5 15. Bd3 Nd7 16. Nd5 Bxd5 17. exd5 Qc7 18. c3 Bf6 19. Rae1 Be5 20. Bf5 Bxf4 21. Rxf4 Ne5 22. Bb1 g6 23. a4 Rae8 24. axb5 Nc4 25. Qf2 Rxe1+ 26. Qxe1 axb5 27. b3 Nb6 28. Rd4 Qc5 29. b4 Qc8 30. Bd3 Re8 31. Qd2 Qa6 32. h3 Re5 33. Re4 Qa1+ 34. Kh2 Nc4 35. Qe2 Qxc3 36. Bxc4 Rxe4 37. Qxe4 bxc4 38. b5 Qb4 39. Qe8+ Kg7 40. Qc6 c3 41. Kg3 g5 42. Kf2 Qf4+ 0-1